Propuesta de exoneración de impuestos a la importación de dispositivos electrónicos.
Tallennettuna:
| Päätekijä: | |
|---|---|
| Muut tekijät: | |
| Aineistotyyppi: | Kirja |
| Julkaistu: |
1986
|
| Tagit: |
Lisää tagi
Ei tageja, Lisää ensimmäinen tagi!
|
MARC
| LEADER | 00000nam a2200000Ia 4500 | ||
|---|---|---|---|
| 003 | 004247 | ||
| 005 | 20221231144352.0 | ||
| 008 | 140114s1986 cr a m 000 ||s d | ||
| 040 | |c cru CEDI | ||
| 090 | |a TFG 1911 | ||
| 100 | |a Alegria Vázquez, José Carlos |9 14038 | ||
| 245 | |a Propuesta de exoneración de impuestos a la importación de dispositivos electrónicos. | ||
| 260 | |c 1986 | ||
| 300 | |a 66 hojas | ||
| 500 | |a Proyecto de graduación (bachiller en ingeniería eléctrica)--Universidad de Costa Rica. Facultad de Ingeniería. Escuela de Ingeniería Eléctrica."IE-502 Proyecto Eléctrico" | ||
| 700 | |9 12927 |a Mora Rojas, Freddy Javier | ||
| 942 | |c TFG | ||
| 999 | |c 20846 |d 20846 | ||
